01003nam a22002657a 4500001000700000003000900007005001700016007000700033008003600040020001500076020002200091020002200113020002200135020002200157020002200179040002200201082002300223100002700246245012600273260006300399300002600462505019600488650003800684650001500722000540DO-SdBNP20210525075311.0000540161010b 2004 cl a| 00| 0 spa d a9684182082 a9684182104 (v. 1) a9684182112 (v. 2) a9684182120 (v. 3) a9684182139 (v. 4) a9684182147 (v. 5) aBPMSUbspacBPMSU 4a306.87 bN677b2221 aNieto, Eliana Patricia10aBiblioteca de formación integral : bplan educacional para el desarrollo de futuros líderes /cEliana Patricia Nieto. aColombia : bEdiciones Culturales Internacionales, c2004. a5 v.bil. ; c27 cm. 0 gv. 1.tLa persona y la relación consigo misma --gv. 2. tLa familia --gv. 3.tLa comunidad. --gv. 4. tLo trascendente del ser humano --gv. 5. tLecturas para reflexionar en familia. 4aEducación para la vida familiar 4aLiderazgo